| 000 | 01367cam a2200361 i 4500 | ||
|---|---|---|---|
| 999 |
_c23137 _d23137 |
||
| 001 | 18265361 | ||
| 003 | OSt | ||
| 005 | 20200520093045.0 | ||
| 008 | 140813s2014 ii b 001 0 eng | ||
| 010 | _a 2014356925 | ||
| 020 | _a9788175417328 | ||
| 025 | _aI-E-2014-356925; 10-90 | ||
| 040 |
_aDLC _beng _coclc _erda |
||
| 042 |
_alcode _apcc |
||
| 043 | _aa-ii--- | ||
| 050 | 0 | 0 |
_aLA1153.7 _b.E38 2014 |
| 082 |
_a371.828297 _bQUR/E |
||
| 100 |
_92452 _aQureshi, Sirajuddin |
||
| 245 | 0 | 0 |
_aEducation of Muslims : _bIslamic perspective of knowledge and education : Indian context / _cedited by J.S. Rajput ; foreword by Sirajuddin Qureshi. |
| 264 | 1 |
_aNew Delhi : _bShipra Publications, _c2014. |
|
| 300 |
_a 411 pages ; _c23 cm |
||
| 336 |
_atext _btxt _2rdacontent |
||
| 337 |
_aunmediated _bn _2rdamedia |
||
| 338 |
_avolume _bnc _2rdacarrier |
||
| 500 | _a"Noble Education Foundation, New Delhi". | ||
| 504 | _aIncludes bibliographical references and index. | ||
| 650 | 0 |
_aIslamic education _zIndia. |
|
| 700 | 1 |
_aRajput, J. S., _eeditor. |
|
| 710 | 2 | _aNoble Education Foundation (New Delhi, India) | |
| 906 |
_a7 _bcbc _corigode _d3 _encip _f20 _gy-gencatlg |
||
| 942 |
_2ddc _cBK _h371.828297 _iQUR/E _k371.828297 _mQUR/E |
||